Word Ladder: Steven Wright Jokes Quiz Stats

 Plays Quiz Updated Jun 30, 2015

Challenge
Share
Tweet
Embed
Score 0/43 Timer 05:00
1 Play Today
Hint 4-Letter Word % Correct
Twain or Zuckerberg, e.g.MARK
92.8%
What your keys are when you can't find themLOST
92.6%
'Everywhere is walking distance if you have the ____.'TIME
92.6%
A place where chickens may be keptCOOP
92.5%
Zorro and Batman wear oneMASK
92.5%
Scurvy-preventing fruitLIME
92.4%
'I watched the Indy 500, and I was thinking that if they left earlier they wouldn't have to go so ____'FAST
92.1%
The money stolen from a robberyLOOT
92.1%
Partner of hook and sinkerLINE
91.8%
The pole on a sailboat that carries the sailMAST
91.8%
The sound a horse makes when walkingCLOP
91.8%
This might be hiding in your belly buttonLINT
91.7%
A spare one might be found in your trunkTIRE
91.4%
A small boutique or what you do at oneSHOP
91.4%
To break windFART
91.2%
One go around the trackLOOP
90.8%
Craig and Angie each have a popular one onlineLIST
90.5%
You can take this in the arm, across the bow, or in the darkSHOT
89.9%
A speed for a horseTROT
89.8%
Paper holderCLIP
89.7%
City that fell to an hollow horseTROY
89.6%
This can be found inside a cookieCHIP
88.8%
Hint 4-Letter Word % Correct
Sound a horn makesTOOT
88.8%
Santa's dark coveringSOOT
88.1%
FDR is featured on this coinDIME
87.4%
Pecan, key lime, and pizza, e.g.PIES
87.1%
'After they make styrofoam, what do they _____ it in?' SHIP
86.8%
Lowers the lightDIMS
86.3%
Some, but not all of somethingPART
86.2%
'I used to work in a fire hydrant factory. You couldn't ____ anywhere near the place.'PARK
84.5%
'I spilled ____ remover on my dog. He's gone now.'SPOT
83.8%
'Hermits have no _____ pressure'PEER
81.9%
What a hunter huntsPREY
81.9%
'___ Irae', Latin hymn meaning Day of WrathDIES
80.9%
This leads out from the shore into a body of waterPIER
80%
The weight of an empty containerTARE
79.5%
To peel the outer layer of somethingPARE
79.5%
Lively, chic, or saucyPERT
77.8%
Amanda who starred in 'The Whole Nine Yards'PEET
77.4%
Songz or Anastasio of musicTREY
76%
'If you were going to shoot a _____, would you use a silencer?'MIME
62.5%
The EPL, for shortPREM
32%
'I was reading the dictionary. I thought it was a _____ about everything.'POEM
26.4%

Today's Daily Dose

You're not logged in!

Compare scores with friends on all Sporcle quizzes.
OR
Log In

You Might Also Like...

Show Comments

Extras

Top Quizzes Today


Score Distribution

Your Account Isn't Verified!

In order to create a playlist on Sporcle, you need to verify the email address you used during registration. Go to your Sporcle Settings to finish the process.

Report this User

Report this user for behavior that violates our Community Guidelines.

Details: